Zambia telephone directory 2011 including facsimile & telex.
| Format: | Book |
|---|---|
| Published: |
Ndola:
Zambia Telecommunications,
2011.
|
| Subjects: |
| LEADER | 00504cam a2200145 7i4500 | ||
|---|---|---|---|
| 001 | 0000027522 | ||
| 005 | 20120524090000.0 | ||
| 090 | 0 | 0 | |a ZAMB 910.256796 |b ZAM |
| 245 | 0 | 0 | |a Zambia telephone directory 2011 including facsimile & telex. |
| 260 | 0 | 0 | |a Ndola: |b Zambia Telecommunications, |c 2011. |
| 300 | # | # | |a 368 p. |
| 650 | 0 | 0 | |a Business -- |x Directories -- |z Zambia |
| 650 | 0 | 0 | |a Zambia -- |x Telephone directories -- |x Yellow pages |
| 651 | 0 | 0 | |a Zambia |
| 999 | |a B000030179 |b Directories |c Countries |e Business Information Centre | ||